| 000 | 00777cab a2200241 4500 | ||
|---|---|---|---|
| 001 | WB3134-47 | ||
| 008 | 090401t1995 xxu||||| |||| 00| 0 eng d | ||
| 035 | _a(Sirsi) u65699 | ||
| 041 | _aeng | ||
| 100 | _aNapier, G. | ||
| 245 | _aRecession opens door to new valuation tool | ||
| 260 | _c1995 | ||
| 350 | _a0 | ||
| 490 |
_aProperty Week _v52(11) 14 September 1995, 6(1) |
||
| 520 | _aDiscusses discounted cashflow techniques (DCF) that aim to provide tenants with guidance on comparing occupation costs, and landlords with assessment of future income streams. | ||
| 650 | _aDCF | ||
| 650 | _aDISCOUNTED CASHFLOW | ||
| 650 | _aVALUATION METHODS | ||
| 690 | _aPROPERTY-COMMERCIAL PROPERTY | ||
| 690 | _aRATING AND VALUATION | ||
| 942 | _n0 | ||
| 948 | _c04/03/1997 | ||
| 999 |
_c40997 _d40997 |
||